000 00263nam a22001217a 4500
008 180302b xxu||||| |||| 00| 0 eng d
041 _aeng
080 _a159.9
100 _a48
101 _aPSI
245 _aGossip The inside scoop
_cLevin,J
942 _2udc
_cBK
999 _c44042
_d44042